000
00341nam a22001577a 4500
003
SGT
020
_a
9789356969131
082
_a
612.015
_b
B25M
100
_a
MALHOTRA, V.K.
245
_a
BIOCHEMISTRY FOR STUDENTS
250
_a
14TH
260
_a
INDIA
_b
JAYPEE PUB
_c
2025
300
_a
408
650
_a
BIOCHEMISTRY
942
_2
ddc
_c
BK
999
_c
33476
_d
33476